000 00376nam a2200133Ia 4500
008 151001s9999||||xx |||||||||||||| ||und||
100 _aकर्तार सिंह दुग्गल
245 _aसोयी हुई हिर
250 _a1
260 _bभारती विद्यापीठ
260 _c2005
300 _a179
365 _b21
999 _c986195
_d986192